00819nam a2200217 i 450000100060000000300090000600500170001500700030003200800410003508000150007610000270009124501310011826000320024930000220028149000550030365000280035883000540038685200220044099900170046295201220047950806ES-MaACL20250815094302.0t|030806s1966 sp ||||1| spa d a335.55(04)1 aChambre, Henri.93786710aDe Carlos Marx a Mao Tse-Tung : bintroducción crítica al marxismoleninismo / cHenri Chambre ; [traducción por J.P.G.]. aMadrid : bTecnos, c[1966] a268 p. ; c23 cm.1 aColección de ciencias sociales. Ciencia politica 7aComunismo2embne91121110aColección de ciencias sociales (Tecnos)91826724 aES-MaACLjC-29247 c50806d50806 00104070aATENEOMbATENEOMcDEPO2d2008-01-17eSCl0oC-29247p1053436r2023-02-23 00:00:00w2023-02-23yMONOGRAFIA